Nasahat al-qissah al-arabiya wa tatawwuruha min al-usool al-qadeema ila awakhir al qarn al ishreen (Record no. 1435036)

MARC details
000 -LEADER
fixed length control field 00743nam a22002297a 4500
005 - DATE AND TIME OF LATEST TRANSACTION
control field 20250902104037.0
008 - FIXED-LENGTH DATA ELEMENTS--GENERAL INFORMATION
fixed length control field 250902b |||||||| |||| 00| 0 eng d
020 ## - INTERNATIONAL STANDARD BOOK NUMBER
International Standard Book Number 978-93-85294-84-5 (pbk)
037 ## - SOURCE OF ACQUISITION
Terms of availability TB
040 ## - CATALOGING SOURCE
Original cataloging agency CRL
Transcribing agency CRL
041 ## - LANGUAGE CODE
Source of code ARB
Language code of text/sound track or separate title ARB
084 ## - COLON CLASSIFICATION NUMBER
Classification number P28v R2
Item number CRL
100 ## - MAIN ENTRY--PERSONAL NAME
Personal name Sumayya Reyaz
9 (RLIN) 819678
245 ## - TITLE STATEMENT
Title Nasahat al-qissah al-arabiya wa tatawwuruha min al-usool al-qadeema ila awakhir al qarn al ishreen
260 ## - PUBLICATION, DISTRIBUTION, ETC.
Place of publication, distribution, etc. New Delhi, India:
Name of publisher, distributor, etc. Roseword Books,
Date of publication, distribution, etc. 2022.
300 ## - PHYSICAL DESCRIPTION
Extent 119p.
365 ## - TRADE PRICE
Price amount 150.00
Currency code INR
650 ## - SUBJECT ADDED ENTRY--TOPICAL TERM
Topical term or geographic name entry element Arabic Language
9 (RLIN) 31794
650 ## - SUBJECT ADDED ENTRY--TOPICAL TERM
Topical term or geographic name entry element History
942 ## - ADDED ENTRY ELEMENTS (KOHA)
Source of classification or shelving scheme Colon Classification (CC)
Koha item type Textbook
Classification part P28v R2
Suppress in OPAC No

No items available.

Copyright @ Delhi University Library System